00326nam a2200121Ia 4500003000400000008004100004040001600045082001800061245003100079260007800110300001100188490000500199GCL140319s9999 xx 000 0 ara d aGCL / cGCL04a953.31bج ع10aعدن فرضة اليمن a[S.N] : bمركز الدراسات والبحوث اليمنى ، c1990 a253 ص a